Domestic conflicts in South Asia Vol 1 Polotical Dimensions (Record no. 613782)

MARC details
000 -LEADER
fixed length control field 00787nam a2200253Ia 4500
003 - CONTROL NUMBER IDENTIFIER
control field OSt
005 - DATE AND TIME OF LATEST TRANSACTION
control field 20220926005423.0
008 - FIXED-LENGTH DATA ELEMENTS--GENERAL INFORMATION
fixed length control field 220923b |||||||| |||| 00| 0 eng d
020 ## - INTERNATIONAL STANDARD BOOK NUMBER
International Standard Book Number 8170030706
037 ## - SOURCE OF ACQUISITION
Terms of availability General Book
040 ## - CATALOGING SOURCE
Original cataloging agency RTL
Transcribing agency RTL
Language of cataloging eng
041 ## - LANGUAGE CODE
Source of code eng
Language code of text/sound track or separate title eng
100 ## - MAIN ENTRY--PERSONAL NAME
Personal name Phadnis Urmila, etc Ed.
9 (RLIN) 310269
245 #0 - TITLE STATEMENT
Title Domestic conflicts in South Asia Vol 1 Polotical Dimensions
260 ## - PUBLICATION, DISTRIBUTION, ETC.
Place of publication, distribution, etc. New Delhi
Name of publisher, distributor, etc. South Asian Publishers
Date of publication, distribution, etc. 1986
300 ## - PHYSICAL DESCRIPTION
Extent xix, 191p
Dimensions cm.
490 ## - SERIES STATEMENT
Volume/sequential designation V1: Political dimensions. 191p
Series statement Works on South Asia
650 ## - SUBJECT ADDED ENTRY--TOPICAL TERM
Topical term or geographic name entry element Social Conflict
942 ## - ADDED ENTRY ELEMENTS (KOHA)
Classification part Y:48.49G.N8, M6.1
Koha item type General Books
Source of classification or shelving scheme Colon Classification (CC)
Holdings
Withdrawn status Lost status Damaged status Not for loan Home library Current library Date acquired Serial Enumeration / chronology Total Checkouts Full call number Barcode Date last seen Price effective from Koha item type
        Ratan Tata Library Ratan Tata Library 2022-09-26 V1: Political dimensions. 191p   Y:48.49G.N8 M6.1 RT0950898 2022-09-26 2022-09-26 General Books
Copyright @ Delhi University Library System